01634nam a2200421 i 450000100060000000300080000600500170001400600190003100700150005000800410006502000180010602000270012403500220015104000310017304300120020405000230021608000120023908200190025124501930027026400370046330000410050033600290054133700330057033800430060349000550064650400290070158800830073065000360081365000420084965100370089165100430092865500270097170000330099870000270103170000350105883000560109385600630114921055FINmELB20241216213908.0m o u cr cn|||||||||211129s2021 sp ob 000 0 spa d z9788400107666 a9788400107673 (e-book) a(OCoLC)1289858692 aFINmELBbspaerdacFINmELB ae-sp---14aCC97.S7bA772 2021 a902(46)04a930.10936622300aArqueología y sociedad de los espacios agrarios :ben busca de la gente invisible a través de la materialidad del paisaje /cVictorino Mayoral, Ignasi Grau, Juan Pedro Bellón (eds.). 1aMadrid :bEditorial CSIC,c2021. a1 recurso en línea (246 páginas) atextobtxt2rdamedia/spa acomputadorabc2rdamedia/spa arecurso en líneabcr2rdacarrier/spa1 aAnejos de Archivo Español de Arqueología ;v91 aContiene bibliografía. aDescripción basada en metadatos suministrados por el editor y otras fuentes. 0aArchaeologyzIberian Peninsula. 4aArqueologíazPenínsula Ibérica. 0aIberian PeninsulaxCivilization. 4aPenínsula IbéricaxCivilización. 4aLibros electrónicos.1 aMayoral, Victorino,eeditor.1 aGrau, Ignasi,eeditor.1 aBellón, Juan Pedro,eeditor. 0aAnejos de Archivo Español de Arqueología ;v91.40uhttps://elibro.net/ereader/politecnicointernacional/180293